00733nam a2200205 a 450000100100000000500170001000800410002704000250006808200240009310000350011724500780015225000120023026001120024230000210035450000490037550000340042465000250045865000150048365000290049800002200620240517200444.0100915s1968 xxu r 000 0 spa d aDO-SdBNPbspacBNPHU a291.17bW582c, 19681 aWhite, Elena G. de,d1827-191513aEl conflicto de los siglos durante la era cristiana /cElena G. de White. a6a. ed. aCalifornia (Estados Unidos) :bPublicaciones interamericanas;bPacific Press Publishing Association,c1968. a784 p. ;c17 cm. aIncluye referencias bíblicas p. [751-757]. aIncluye índice alfabético 4aTeología bíblica 0aTeología 4aTeología y filosofía